Nhân vật lịch sử Việt Nam cuối thể kỷ XIX đầu thế kỷ XX Sách tham khảo Quyển 15
TM tài liệu tham khảo tr. 250-153; Tập hợp giới thiệu về những lãnh tụ, vị thủ lĩnh, những người có đóng góp cho các phong trào kháng chiến như: Đỗ Cơ Quang, Hồ Bá Kiện, Nguyễn Thạc Chi, Phạm Văn Tráng, Nguyễn Khắc Cần, Nguyễn Quang Diêu, Pha...
Saved in:
| Main Author: | |
|---|---|
| Format: | Book |
| Language: | Undetermined |
| Published: |
H.
Quân đội Nhân Dân
2013
|
| Subjects: |
Lịch sử Việt Nam
> Nhân vật
> Kháng chiến chống Pháp
> Cuối thế kỷ XIX đầu thế kỷ XX
> Sách tham khảo; Nhân vật lịch sử
> Kháng chiến chống Pháp
> Cuối thế kỷ XIX đầu thế kỷ XX
> Sách tham khảo; Kháng chiến chống Pháp
> Việt Nam
> Cuối thế kỷ XIX đầu thế kỷ XX
> Sách tham khảo; Lịch sử cận đại
> Nhân vật lịch sử
> Việt Nam Quang Phục hội
> Việt Nam
|
| Online Access: | http://lrc.tdmu.edu.vn/opac/search/detail.asp?aID=2&ID=20636 |
| Tags: |
Add Tag
No Tags, Be the first to tag this record!
|
| Institutions: | Trung tâm Học liệu Trường Đại học Thủ Dầu Một |
|---|
| LEADER | 01748nam a2200241Ia 4500 | ||
|---|---|---|---|
| 001 | TDMU_20636 | ||
| 008 | 210410s9999 xx 000 0 und d | ||
| 082 | |a 959.703092 | ||
| 090 | |b V500 | ||
| 100 | |a Vũ, Thanh Sơn | ||
| 245 | 0 | |a Nhân vật lịch sử Việt Nam cuối thể kỷ XIX đầu thế kỷ XX | |
| 245 | 0 | |b Sách tham khảo | |
| 245 | 0 | |c Vũ Thanh Sơn | |
| 245 | 0 | |n Quyển 15 | |
| 245 | 0 | |p Việt Nam Quang Phục hội (1913 - 2-1917) | |
| 260 | |a H. | ||
| 260 | |b Quân đội Nhân Dân | ||
| 260 | |c 2013 | ||
| 300 | |a 255 tr. | ||
| 520 | |a TM tài liệu tham khảo tr. 250-153; Tập hợp giới thiệu về những lãnh tụ, vị thủ lĩnh, những người có đóng góp cho các phong trào kháng chiến như: Đỗ Cơ Quang, Hồ Bá Kiện, Nguyễn Thạc Chi, Phạm Văn Tráng, Nguyễn Khắc Cần, Nguyễn Quang Diêu, Phạm Hoàng Triết - Phạm Hoàng Luân, Huỳnh Hưng, Lý Liễu, Nguyễn Truyện... | ||
| 650 | |a Lịch sử Việt Nam |x Nhân vật |x Kháng chiến chống Pháp |y Cuối thế kỷ XIX đầu thế kỷ XX |v Sách tham khảo; Nhân vật lịch sử |x Kháng chiến chống Pháp |y Cuối thế kỷ XIX đầu thế kỷ XX |v Sách tham khảo; Kháng chiến chống Pháp |z Việt Nam |y Cuối thế kỷ XIX đầu thế kỷ XX |v Sách tham khảo; Lịch sử cận đại |x Nhân vật lịch sử |x Việt Nam Quang Phục hội |z Việt Nam | ||
| 856 | |u http://lrc.tdmu.edu.vn/opac/search/detail.asp?aID=2&ID=20636 | ||
| 980 | |a Trung tâm Học liệu Trường Đại học Thủ Dầu Một | ||